000 01046nam0a22002651 4500
001 rc\3017683
005 20250806201226.0
035 _a(NLR Aleph) 007159908
090 _a19721
_c19721
100 _a20110926d1945 u y0rusy50 ca
101 0 _arus
102 _aRU
105 _ay z |||||
200 1 _aИнструкция по борьбе с газопроявлениями и обвалами при бурении нефтяных скважин
_fАзерб. нефт. науч.-исслед. ин-т по добыче нефти
210 _aБаку
_cАзнефтеиздат
_d1945
_gтип. "III Интернационал"
215 _a32 с.
_d9 см
300 _aБез обл.
712 0 2 _aАзербайджанский научно-исследовательский институт
_cБаку
_4570
801 0 _aRU
_bNLR
_gpsbo
801 1 _aRU
_bELAR
_2rusmarc
852 _aNLR
_jТ26 Г-0/9
942 _cBOOK
945 _aРоссийская национальная библиотека
980 _aNB
980 _aBV